000 00581nam a22002417a 4500
003 UA-OsUOA
001 30751
007 ta
008 20041115b un ||||| |||| 00| 0 ukr d
100 _aВяземский П. А.
090 _a82.09
_bВ99
942 _cBK
040 _aUA-OsUOA
_brus
_cUA-OsUOA
_dUA-OsUOA
245 _aЭстетика и литературная критика
300 _a460 с.
955 _a0
041 _arus
080 _a82.09
260 _aМосква
_bИскусство
_c1984
044 _aRU
650 7 _2UDC
999 _c317165
_d317165